[Event "I Weekend A"]
[Site "Porto Sant'Elpidio ITA"]
[Date "1998.10.??"]
[Round "?"]
[White "Amaranto, Luca"]
[Black "Graziani, Claudio"]
[Result "0-1"]
[WhiteElo "1720"]
[BlackElo "1600"]
[PlyCount "70"]
[EventDate "1998.10.17"]

1. e4 c5 2. Nf3 d6 3. d4 cxd4 4. Nxd4 Nf6 5. Nc3 a6 6. Be2 e6 7. Be3 Be7 8. O-O
Nc6 9. Kh1 O-O 10. f4 Qc7 11. Qe1 Nxd4 12. Bxd4 b5 13. Qg3 Bb7 14. e5 dxe5 15.
Bxe5 Qb6 16. f5 b4 17. Na4 Qa5 18. b3 Rac8 19. c4 bxc3 20. Bxc3 Qc7 21. Be5 Qc2
22. Bc4 Rxc4 23. bxc4 Qxa4 24. c5 Qg4 25. Qxg4 Nxg4 26. Bd6 Bxd6 27. cxd6 exf5
28. Rxf5 Bxg2+ 29. Kg1 Bb7 30. Rc1 Nf6 31. Rc7 Ne8 32. Rfxf7 Nxc7 33. Rxc7 Be4
34. Ra7 Bf5 35. Rxa6 Bh3 0-1

[Event "I Weekend A"]
[Site "Porto Sant'Elpidio ITA"]
[Date "1998.10.??"]
[Round "?"]
[White "Baleani, Emanuele"]
[Black "Esposito, Salvatore"]
[Result "0-1"]
[WhiteElo "1524"]
[BlackElo "1500"]
[PlyCount "80"]
[EventDate "1998.10.17"]

1. e4 e6 2. d4 d5 3. Nc3 dxe4 4. Nxe4 Nd7 5. Nf3 Ngf6 6. Nxf6+ Nxf6 7. Bd3 Be7
8. Qe2 O-O 9. Bg5 c5 10. dxc5 Qa5+ 11. c3 Qxc5 12. O-O Bd7 13. Bxf6 Bxf6 14.
Qe4 g6 15. Qxb7 Bc6 16. Qc7 e5 17. b4 Qd5 18. Ba6 Qe6 19. Be2 Rfe8 20. Qa5 Bd8
21. Qa6 Bb6 22. b5 Bd5 23. c4 Bxc4 24. Bxc4 Qxc4 25. Rac1 Qe6 26. Rfe1 e4 27.
Qb7 Qf5 28. Qc6 Rac8 29. Rxe4 Qxe4 30. Qxc8 Rxc8 31. Rxc8+ Kg7 32. Rc1 Qe2 33.
a4 Qxf2+ 34. Kh1 Qa2 35. Ne5 Qxa4 36. Rf1 f6 37. Nd7 Qxb5 38. Rd1 a5 39. h3 a4
40. Ra1 Qxd7 0-1

[Event "I Weekend A"]
[Site "Porto Sant'Elpidio ITA"]
[Date "1998.10.??"]
[Round "?"]
[White "Baleani, Emanuele"]
[Black "Fedeli, Carlo"]
[Result "0-1"]
[WhiteElo "1524"]
[BlackElo "1600"]
[PlyCount "84"]
[EventDate "1998.10.17"]

1. e4 d6 2. d4 Nf6 3. Nc3 g6 4. Bc4 Bg7 5. f3 c6 6. Be3 b5 7. Bb3 O-O 8. Qd2 a5
9. a3 Nbd7 10. O-O-O Qc7 11. Nge2 b4 12. axb4 axb4 13. Na2 c5 14. dxc5 dxc5 15.
Bd5 Nxd5 16. Qxd5 Qa5 17. Kb1 Nb6 18. Qb3 Be6 19. Rd5 Bxd5 20. exd5 c4 21. Bxb6
cxb3 22. Bxa5 bxa2+ 23. Kxa2 Rxa5+ 24. Kb3 Rxd5 25. Re1 e6 26. Nf4 Rd2 27. Rg1
Rfd8 28. Nd3 Bf8 29. Ne5 Rd1 30. Rxd1 Rxd1 31. Nd3 Rd2 32. Ne1 Re2 33. Nd3 Rxg2
34. h4 Rh2 35. Nxb4 Bxb4 36. Kxb4 Rxc2 37. b3 Rh2 38. Kb5 Rxh4 39. b4 Rf4 40.
Ka5 Rxf3 41. b5 h5 42. b6 Rb3 0-1

[Event "I Weekend A"]
[Site "Porto Sant'Elpidio ITA"]
[Date "1998.10.??"]
[Round "?"]
[White "Baleani, Emanuele"]
[Black "Fioravanti, Diego"]
[Result "0-1"]
[WhiteElo "1524"]
[BlackElo "1570"]
[PlyCount "88"]
[EventDate "1998.10.17"]

1. e4 e5 2. Nf3 f5 3. exf5 e4 4. Nd4 Nf6 5. Nc3 d5 6. d3 c5 7. Ne6 Bxe6 8. fxe6
Nc6 9. Bg5 Be7 10. Bxf6 Bxf6 11. dxe4 Bxc3+ 12. bxc3 Qf6 13. exd5 Qxc3+ 14. Qd2
Qxa1+ 15. Ke2 Qe5+ 16. Kd1 Rd8 17. c4 Nd4 18. Bd3 O-O 19. Re1 Qh5+ 20. f3 Rfe8
21. Qf4 Nxe6 22. Qg3 Nd4 23. Be4 b5 24. Qc7 Rc8 25. Qxa7 Qxh2 26. Qd7 Qh5 27.
g4 Qf7 28. Bxh7+ Kf8 29. Qd6+ Re7 30. Rxe7 Qxe7 31. Qf4+ Qf6 32. Qxf6+ gxf6 33.
cxb5 Nxb5 34. Kd2 Ra8 35. Kd3 Nd6 36. Kc3 Rxa2 37. Kd3 Ke7 38. Ke3 Ra3+ 39. Kf4
Ra4+ 40. Kg3 Rd4 41. Bg8 Nf7 42. f4 Rxd5 43. g5 fxg5 44. Kf3 Rf5 0-1

[Event "I Weekend A"]
[Site "Porto Sant'Elpidio ITA"]
[Date "1998.10.??"]
[Round "?"]
[White "Bastarelli, Giuseppe"]
[Black "Fioravanti, Diego"]
[Result "1-0"]
[WhiteElo "1950"]
[BlackElo "1570"]
[PlyCount "45"]
[EventDate "1998.10.17"]

1. e4 e5 2. Nf3 f5 3. d4 fxe4 4. Nxe5 Nf6 5. Be2 g6 6. c4 d6 7. Ng4 Bg7 8. Nh6
Nc6 9. Nc3 Qe7 10. Bg5 Rf8 11. O-O Bxh6 12. Bxh6 Rf7 13. Qd2 Bf5 14. Bg5 h5 15.
Nd5 e3 16. Nxf6+ Rxf6 17. fxe3 Qf7 18. e4 Re6 19. exf5 gxf5 20. d5 Re4 21. dxc6
b6 22. Bf3 Re5 23. Rae1 1-0

[Event "I Weekend A"]
[Site "Porto Sant'Elpidio ITA"]
[Date "1998.10.??"]
[Round "?"]
[White "Bastarelli, Giuseppe"]
[Black "Morici, Marco"]
[Result "1-0"]
[WhiteElo "1950"]
[BlackElo "1561"]
[PlyCount "77"]
[EventDate "1998.10.17"]

1. Nf3 Nf6 2. d4 e6 3. c4 b6 4. g3 Bb7 5. Bg2 Nc6 6. O-O d6 7. d5 Ne5 8. Nxe5
dxe5 9. dxe6 Bxg2 10. exf7+ Kxf7 11. Qxd8 Rxd8 12. Kxg2 Bc5 13. Nd2 Rd7 14. Nb3
Be7 15. f3 Rhd8 16. e4 Rd3 17. Kf2 Nd7 18. Be3 c5 19. Nc1 Rd6 20. Ne2 Nf8 21.
Nc3 Ne6 22. Nd5 Bf6 23. Ke2 g5 24. Rad1 h6 25. Rd3 R6d7 26. Rfd1 Bg7 27. a3 Bf8
28. b4 cxb4 29. axb4 Rc8 30. Rc1 Rb7 31. Rdc3 Nd4+ 32. Bxd4 exd4 33. R3c2 Ke6
34. Kd3 Bg7 35. Ra1 Rf8 36. Ke2 Kd6 37. Ra6 Kd7 38. Rca2 Ra8 39. Nxb6+ 1-0

[Event "I Weekend A"]
[Site "Porto Sant'Elpidio ITA"]
[Date "1998.10.??"]
[Round "?"]
[White "Esposito, Salvatore"]
[Black "Fioravanti, Emidio"]
[Result "0-1"]
[WhiteElo "1500"]
[BlackElo "1831"]
[PlyCount "64"]
[EventDate "1998.10.17"]

1. e4 e5 2. Nf3 Nc6 3. Bb5 Nf6 4. O-O d6 5. d4 exd4 6. Nxd4 Bd7 7. Nc3 a6 8.
Bxc6 bxc6 9. Nf5 g6 10. Ng3 Bg7 11. Bg5 Qb8 12. Rb1 O-O 13. e5 Ng4 14. Be7 Bxe5
15. Bxf8 Qxf8 16. h3 Bxg3 17. fxg3 Ne3 18. Qf3 Nxf1 19. Rxf1 d5 20. Qf6 Re8 21.
Na4 Re6 22. Qd4 Re4 23. Qa7 Rxa4 24. Qxc7 Be8 25. Re1 Re4 26. Rf1 Qc5+ 27. Kh2
Qxc2 28. Qb6 Re2 29. Rg1 Qxb2 30. Qxa6 Qxa2 31. Qc8 d4 32. Rd1 Rxg2+ 0-1

[Event "I Weekend A"]
[Site "Porto Sant'Elpidio ITA"]
[Date "1998.10.??"]
[Round "?"]
[White "Esposito, Salvatore"]
[Black "Iaconi, Andrea"]
[Result "1/2-1/2"]
[WhiteElo "1500"]
[BlackElo "1539"]
[PlyCount "20"]
[EventDate "1998.10.17"]

1. e4 c5 2. d4 cxd4 3. Qxd4 Nc6 4. Qd3 e6 5. Nf3 d6 6. Be2 Nf6 7. O-O Be7 8.
Nc3 O-O 9. a3 a6 10. Bf4 Qc7 1/2-1/2

[Event "I Weekend A"]
[Site "Porto Sant'Elpidio ITA"]
[Date "1998.10.??"]
[Round "?"]
[White "Fedeli, Carlo"]
[Black "Amaranto, Luca"]
[Result "0-1"]
[WhiteElo "1600"]
[BlackElo "1720"]
[PlyCount "106"]
[EventDate "1998.10.17"]

1. e4 e5 2. Nf3 Nc6 3. Nc3 Nf6 4. Bb5 d6 5. d4 exd4 6. Nxd4 Bd7 7. Nxc6 bxc6 8.
Bc4 Be7 9. O-O O-O 10. Bg5 Rb8 11. Qc1 Be6 12. Bb3 Nd7 13. Be3 c5 14. Nd5 c6
15. Nxe7+ Qxe7 16. c4 f5 17. exf5 Bxf5 18. Bc2 Ne5 19. Bxf5 Rxf5 20. Qc2 Qf7
21. b3 Re8 22. Qd2 Qg6 23. f4 Ng4 24. Rae1 Qh6 25. h3 Nxe3 26. Rxe3 Ref8 27.
Ref3 R5f7 28. g4 Qf6 29. Rd3 Rd8 30. Rd1 Rfd7 31. Kg2 d5 32. cxd5 cxd5 33. Qf2
d4 34. Re1 Rf7 35. Kg3 Qd6 36. Re5 Qxe5 37. fxe5 Rxf2 38. Kxf2 Kf7 39. Kf3 Ke6
40. Ke4 Rd5 41. b4 Rxe5+ 42. Kf4 g5+ 43. Kf3 Kd5 44. bxc5 Kxc5 45. Ra3 Re7 46.
Ra5+ Kc4 47. Rxg5 d3 48. Rg8 Kc3 49. Rc8+ Kd2 50. Rd8 Kc2 51. Rc8+ Kd1 52. Rb8
Kc1 53. Rd8 d2 0-1

[Event "I Weekend A"]
[Site "Porto Sant'Elpidio ITA"]
[Date "1998.10.??"]
[Round "?"]
[White "Fedeli, Carlo"]
[Black "Esposito, Salvatore"]
[Result "1/2-1/2"]
[WhiteElo "1600"]
[BlackElo "1500"]
[PlyCount "52"]
[EventDate "1998.10.17"]

1. e4 e6 2. d4 d5 3. exd5 exd5 4. Bd3 Nc6 5. Be3 Bd6 6. c3 Nge7 7. Qc2 Ng6 8.
Nf3 Nce7 9. Nbd2 Be6 10. g3 Qd7 11. Qb3 c6 12. O-O-O Bf5 13. Bxf5 Nxf5 14. Rde1
O-O 15. h4 h6 16. h5 Nge7 17. Qd1 Nxe3 18. Rxe3 Nf5 19. Ree1 Rae8 20. Rxe8 Rxe8
21. Re1 f6 22. Re2 c5 23. dxc5 Bxc5 24. Nb3 Rxe2 25. Qxe2 Bb6 26. Nbd4 Bxd4
1/2-1/2

[Event "I Weekend A"]
[Site "Porto Sant'Elpidio ITA"]
[Date "1998.10.??"]
[Round "?"]
[White "Fioravanti, Diego"]
[Black "Luciani, Valerio"]
[Result "0-1"]
[WhiteElo "1570"]
[BlackElo "2230"]
[PlyCount "100"]
[EventDate "1998.10.17"]

1. e4 e6 2. d4 d5 3. c4 dxe4 4. Nc3 Bb4 5. Nge2 Nc6 6. Be3 f5 7. a3 Be7 8. d5
exd5 9. cxd5 Ne5 10. Nd4 a6 11. Qb3 Nf7 12. Rc1 Nf6 13. Be2 Nd6 14. O-O O-O 15.
h3 Kh8 16. Bd1 Nde8 17. f3 Nd6 18. f4 Bd7 19. Be2 b6 20. Na2 Nb7 21. Nb4 Nc5
22. Qa2 a5 23. Nbc6 Bxc6 24. Nxc6 Qxd5 25. Qxd5 Nxd5 26. Bf2 Bd6 27. g3 Ne7 28.
Nd4 a4 29. Kh1 h6 30. Bc4 Rad8 31. Rfd1 g5 32. Nb5 gxf4 33. Nxd6 cxd6 34. Bd4+
Kh7 35. gxf4 d5 36. Be2 Rc8 37. Rg1 Ng6 38. h4 Rg8 39. h5 Nxf4 40. Rxg8 Rxg8
41. Bb5 Nfe6 42. Be5 Rg5 43. Be8 f4 44. Bg6+ Rxg6 45. hxg6+ Kxg6 46. Rg1+ Kf5
47. Bc3 d4 48. Bb4 f3 49. Rd1 e3 50. Kg1 d3 0-1

[Event "I Weekend A"]
[Site "Porto Sant'Elpidio ITA"]
[Date "1998.10.??"]
[Round "?"]
[White "Fioravanti, Emidio"]
[Black "Miandro, Roberto"]
[Result "1-0"]
[WhiteElo "1831"]
[BlackElo "1783"]
[PlyCount "69"]
[EventDate "1998.10.17"]

1. e4 c5 2. Nf3 d6 3. d4 cxd4 4. Nxd4 Nf6 5. Nc3 a6 6. Bc4 e6 7. Bb3 Nc6 8. a3
Nxd4 9. Qxd4 Be7 10. Bg5 O-O 11. Rd1 Ne8 12. Be3 Bd7 13. O-O b5 14. f4 Qc7 15.
Qd2 Rd8 16. Qf2 Qb7 17. f5 exf5 18. Bd5 Qc8 19. Bb6 Nc7 20. exf5 Bf6 21. Ne4
Be5 22. f6 Be6 23. Bxe6 fxe6 24. f7+ Kh8 25. Ng5 Bf6 26. Bxc7 Bxg5 27. Bxd8
Qxd8 28. Qa7 d5 29. Qxa6 Qd7 30. Rde1 Bf6 31. Qxe6 Qa7+ 32. Kh1 Bxb2 33. Qxd5
g6 34. Qxb5 Bxa3 35. Qe5# 1-0

[Event "I Weekend A"]
[Site "Porto Sant'Elpidio ITA"]
[Date "1998.10.??"]
[Round "?"]
[White "Fioravanti, Emidio"]
[Black "Morici, Marco"]
[Result "1/2-1/2"]
[WhiteElo "1831"]
[BlackElo "1561"]
[PlyCount "80"]
[EventDate "1998.10.17"]

1. e4 c6 2. c4 g6 3. Nc3 Bg7 4. Nf3 d6 5. d4 Bg4 6. Be3 Nf6 7. h3 Bxf3 8. Qxf3
O-O 9. Rd1 Qb6 10. Rd2 Qc7 11. Be2 Nbd7 12. g4 a6 13. Bf4 e5 14. dxe5 Nxe5 15.
Qg3 Nfd7 16. O-O Nc5 17. Rfd1 Rad8 18. Be3 f6 19. f4 Nf7 20. f5 b6 21. b4 Nb7
22. c5 bxc5 23. Na4 Qe7 24. bxc5 dxc5 25. fxg6 hxg6 26. Rxd8 Rxd8 27. Rxd8+
Qxd8 28. Nxc5 Nxc5 29. Bxc5 a5 30. Qd3 Qxd3 31. Bxd3 Ne5 32. Be2 Bf8 33. Bxf8
Kxf8 34. Kf2 Kg7 35. Ke3 c5 36. Kf4 g5+ 37. Ke3 Kf7 38. Kd2 Ke6 39. Kc3 Kd6 40.
Bb5 Kc7 1/2-1/2

[Event "I Weekend A"]
[Site "Porto Sant'Elpidio ITA"]
[Date "1998.10.??"]
[Round "?"]
[White "Fioravanti, Emidio"]
[Black "Storani, Giuseppe"]
[Result "1-0"]
[WhiteElo "1831"]
[BlackElo "1594"]
[PlyCount "43"]
[EventDate "1998.10.17"]

1. e4 e5 2. Bc4 Bc5 3. Nf3 Nc6 4. O-O Nf6 5. d3 O-O 6. a3 a5 7. Bg5 h6 8. Bh4
g5 9. Bg3 d6 10. c3 Bg4 11. Nbd2 Ne7 12. b4 axb4 13. axb4 Bb6 14. Qc2 Qd7 15.
d4 exd4 16. cxd4 Rxa1 17. Rxa1 Nc6 18. e5 Nxd4 19. Qg6+ Kh8 20. Qxh6+ Nh7 21.
Nxg5 Qf5 22. Nxh7 1-0

[Event "I Weekend A"]
[Site "Porto Sant'Elpidio ITA"]
[Date "1998.10.??"]
[Round "?"]
[White "Giobbi, Costantino"]
[Black "Luciani, Valerio"]
[Result "0-1"]
[WhiteElo "1776"]
[BlackElo "2230"]
[PlyCount "90"]
[EventDate "1998.10.17"]

1. Nf3 d6 2. e4 Nf6 3. Nc3 c6 4. d4 Bg4 5. Be3 e6 6. Be2 Be7 7. O-O d5 8. Nd2
Bxe2 9. Qxe2 dxe4 10. Ncxe4 O-O 11. Nxf6+ Bxf6 12. c3 Qd5 13. Bf4 Nd7 14. Qe4
b5 15. Qxd5 cxd5 16. a4 a6 17. Ra2 Rfc8 18. axb5 axb5 19. Rfa1 Rxa2 20. Rxa2 b4
21. Ra7 bxc3 22. bxc3 Nf8 23. Bd6 g5 24. Bc5 Ng6 25. g3 Rb8 26. Ra3 Rb2 27. Nb3
Kg7 28. Na5 h5 29. c4 dxc4 30. Nxc4 Rb1+ 31. Kg2 g4 32. Nd6 h4 33. Ne8+ Kh6 34.
f4 h3+ 35. Kf2 Bh8 36. Nd6 Rh1 37. Nxf7+ Kh5 38. Ra5 Rxh2+ 39. Ke3 Rg2 40. Bd6+
e5 41. fxe5 Rxg3+ 42. Ke4 h2 43. e6+ Be5 44. Nxe5 h1=Q+ 45. Nf3+ Kh6 0-1

[Event "I Weekend A"]
[Site "Porto Sant'Elpidio ITA"]
[Date "1998.10.??"]
[Round "?"]
[White "Giobbi, Costantino"]
[Black "Ragnini, Damiano"]
[Result "1-0"]
[WhiteElo "1776"]
[BlackElo "1470"]
[PlyCount "81"]
[EventDate "1998.10.17"]

1. e4 c5 2. Nf3 Nc6 3. Nc3 e6 4. d4 cxd4 5. Nxd4 Bb4 6. a3 Bxc3+ 7. bxc3 Nf6 8.
Bd3 d5 9. Nxc6 bxc6 10. e5 Nd7 11. Qg4 Nxe5 12. Qxg7 Nxd3+ 13. cxd3 Rf8 14. Bh6
Qe7 15. Qxf8+ Qxf8 16. Bxf8 Kxf8 17. Rb1 Ba6 18. Kd2 Ke7 19. Rb4 c5 20. Ra4 Bb5
21. Rh4 Rg8 22. Rb1 Bc6 23. g3 Rh8 24. Rh6 f5 25. a4 Kf7 26. a5 Ke7 27. a6 Kf7
28. Ke3 Ke7 29. Kf4 Kd6 30. h3 d4 31. c4 Ba4 32. Rb7 Bc2 33. Rxa7 Bxd3 34. Rb7
Bxc4 35. a7 Bd5 36. Rb8 d3 37. Ke3 c4 38. Rxh8 Be4 39. a8=Q Bxa8 40. Rxa8 Kc5
41. Rxe6 1-0

[Event "I Weekend A"]
[Site "Porto Sant'Elpidio ITA"]
[Date "1998.10.??"]
[Round "?"]
[White "Giobbi, Costantino"]
[Black "Storani, Giuseppe"]
[Result "0-1"]
[WhiteElo "1776"]
[BlackElo "1594"]
[PlyCount "74"]
[EventDate "1998.10.17"]

1. e4 e5 2. Nf3 Nc6 3. Nc3 Nf6 4. g3 d5 5. exd5 Nxd5 6. Bg2 Be6 7. O-O Be7 8.
Re1 Bf6 9. Ne4 O-O 10. Nxf6+ Qxf6 11. d3 h6 12. a3 Rfe8 13. h3 Rad8 14. Nd2 Qg6
15. Nc4 Bc8 16. Bd2 f5 17. Kh2 f4 18. gxf4 Nxf4 19. Bxf4 exf4 20. Rxe8+ Rxe8
21. Qf3 Qf6 22. c3 Ne5 23. Qd5+ Nf7 24. Qh5 g6 25. Qf3 Ng5 26. Qd5+ Kg7 27. Qc5
Re7 28. Nd2 b6 29. Qc4 f3 30. Bf1 Qe5+ 31. Kh1 Nxh3 32. Qh4 Ng5 33. d4 Qf5 34.
Nc4 Re4 35. Qg3 Nf7 36. Ne5 Qh5+ 37. Kg1 Rh4 0-1

[Event "I Weekend A"]
[Site "Porto Sant'Elpidio ITA"]
[Date "1998.10.??"]
[Round "?"]
[White "Graziani, Claudio"]
[Black "Fioravanti, Emidio"]
[Result "1-0"]
[WhiteElo "1600"]
[BlackElo "1831"]
[PlyCount "89"]
[EventDate "1998.10.17"]

1. e4 e5 2. f4 Qh4+ 3. g3 Qe7 4. fxe5 Qxe5 5. Nc3 Nf6 6. Nf3 Qe7 7. Qe2 d6 8.
d4 Bg4 9. Bg5 h6 10. Nd5 Qd8 11. Bxf6 gxf6 12. Bg2 c6 13. Ne3 Bd7 14. O-O Be7
15. Rae1 Qa5 16. Nh4 Na6 17. Nhf5 Bf8 18. Ng4 O-O-O 19. a3 Qb6 20. c3 Kb8 21.
Nxf6 Be6 22. Kh1 Nc7 23. d5 Bc8 24. c4 Ne8 25. Ng4 h5 26. Nge3 Qc7 27. b4 Ng7
28. b5 c5 29. Nh4 Re8 30. Qf3 Re7 31. Qf6 Rg8 32. Nef5 Ne8 33. Qc3 Rd7 34. e5
dxe5 35. Rxe5 Nd6 36. Rfe1 Nxf5 37. Nxf5 Rd8 38. Qd3 f6 39. Re8 Bd6 40. Nxd6
Qxd6 41. Rxg8 Rxg8 42. Qh7 Qf8 43. Re7 h4 44. d6 h3 45. Rxb7+ 1-0

[Event "I Weekend A"]
[Site "Porto Sant'Elpidio ITA"]
[Date "1998.10.??"]
[Round "?"]
[White "Graziani, Claudio"]
[Black "Luciani, Valerio"]
[Result "0-1"]
[WhiteElo "1600"]
[BlackElo "2230"]
[PlyCount "64"]
[EventDate "1998.10.17"]

1. e4 e6 2. d4 d5 3. Nc3 Bb4 4. e5 c5 5. a3 Bxc3+ 6. bxc3 Ne7 7. Qg4 Kf8 8. h4
Qa5 9. Bd2 Qa4 10. Rh3 Nbc6 11. Rf3 Nxe5 12. Qf4 Nxf3+ 13. Nxf3 c4 14. h5 h6
15. g4 f6 16. Bh3 Qxc2 17. Kf1 Qa4 18. Kg1 Ke8 19. Qg3 Qc6 20. Re1 Kd8 21. g5
hxg5 22. Bxg5 Rxh5 23. Bh4 Rh7 24. Ne5 fxe5 25. Bxe7+ Kxe7 26. Qg5+ Kf8 27. Re3
Qe8 28. Rf3+ Kg8 29. dxe5 Bd7 30. Bg4 d4 31. cxd4 Bc6 32. Bxe6+ Qxe6 0-1

[Event "I Weekend A"]
[Site "Porto Sant'Elpidio ITA"]
[Date "1998.10.??"]
[Round "?"]
[White "Graziani, Claudio"]
[Black "Miandro, Roberto"]
[Result "1/2-1/2"]
[WhiteElo "1600"]
[BlackElo "1783"]
[PlyCount "47"]
[EventDate "1998.10.17"]

1. e4 c5 2. Nf3 d6 3. d4 cxd4 4. Nxd4 Nf6 5. Nc3 a6 6. Be2 e5 7. Nb3 Be6 8. O-O
Qc7 9. f4 Nbd7 10. a4 Be7 11. Kh1 h5 12. f5 Bc4 13. Bg5 O-O-O 14. Nd2 Bxe2 15.
Qxe2 d5 16. exd5 Nb6 17. Bxf6 gxf6 18. Qe4 Qd6 19. Nc4 Nxc4 20. Qxc4+ Qc5 21.
Qxc5+ Bxc5 22. Ne4 Rxd5 23. c4 Rd4 24. Nxc5 1/2-1/2

[Event "I Weekend A"]
[Site "Porto Sant'Elpidio ITA"]
[Date "1998.10.??"]
[Round "?"]
[White "Iaconi, Andrea"]
[Black "Fioravanti, Emidio"]
[Result "1/2-1/2"]
[WhiteElo "1539"]
[BlackElo "1831"]
[PlyCount "133"]
[EventDate "1998.10.17"]

1. e4 c5 2. Nf3 d6 3. d4 cxd4 4. Nxd4 Nf6 5. Nc3 a6 6. Be2 g6 7. O-O Bg7 8. Kh1
O-O 9. f4 Nc6 10. Bf3 Qb6 11. Nb3 Rd8 12. Qe2 Be6 13. Be3 Qc7 14. Na4 Nd7 15.
Qf2 b5 16. Nb6 Rab8 17. Nxd7 Rxd7 18. c3 b4 19. Nd4 bxc3 20. Nxe6 fxe6 21. bxc3
Bxc3 22. Rac1 Rb2 23. Rc2 Rxc2 24. Qxc2 Nd4 25. Bxd4 Bxd4 26. Qb3 Rd8 27. Qxe6+
Kh8 28. Bg4 Rf8 29. f5 Qb7 30. Qd5 Qxd5 31. exd5 h5 32. Be2 gxf5 33. Bxa6 Kg7
34. a4 Kf6 35. Bb5 Rc8 36. Bd7 Rc7 37. Bxf5 Ke5 38. Be6 Ra7 39. Rf5+ Ke4 40.
Rxh5 Rxa4 41. g3 Ra2 42. Rf5 Rb2 43. Rf7 Bf6 44. h4 Kf3 45. Kg1 Kxg3 46. Kf1
Rf2+ 47. Ke1 Rh2 48. Rh7 Bxh4 49. Kd1 Kf3 50. Rh5 Ke3 51. Rf5 Ke4 52. Kc1 Bf6
53. Rf1 Ra2 54. Rd1 Ke3 55. Kb1 Rb2+ 56. Kc1 Rg2 57. Bf7 Bg5 58. Kb1 Rf2 59.
Be6 Rg2 60. Bf7 Bf6 61. Kc1 Bb2+ 62. Kb1 Ba3 63. Be6 Ke2 64. Rh1 Kd2 65. Bh3
Rg3 66. Rh2+ Kc3 67. Rh1 1/2-1/2

[Event "I Weekend A"]
[Site "Porto Sant'Elpidio ITA"]
[Date "1998.10.??"]
[Round "?"]
[White "Iaconi, Andrea"]
[Black "Marconi, Franco"]
[Result "1-0"]
[WhiteElo "1539"]
[BlackElo "1722"]
[PlyCount "86"]
[EventDate "1998.10.17"]

1. e4 c5 2. Nf3 Nc6 3. d4 cxd4 4. Nxd4 Nf6 5. Nc3 e5 6. Ndb5 d6 7. Bg5 a6 8.
Na3 b5 9. Nd5 Qa5+ 10. Bd2 Qd8 11. Bg5 Be7 12. Nxe7 Nxe7 13. Bxf6 gxf6 14. Qd2
Be6 15. O-O-O Ra7 16. Be2 Rd7 17. Kb1 d5 18. exd5 Nxd5 19. Qh6 Qa5 20. Qd2 b4
21. Nc4 Qa4 22. b3 Qc6 23. Bf3 Qc5 24. Bxd5 Rxd5 25. Qe2 Ke7 26. Rxd5 Bxd5 27.
Nxe5 Be6 28. Nd3 Qb6 29. Re1 Rd8 30. Nf4 a5 31. Nxe6 fxe6 32. f4 Rd5 33. g3 Qc6
34. Qe3 Qd7 35. g4 Kf7 36. g5 f5 37. h4 Rd1+ 38. Rxd1 Qxd1+ 39. Kb2 Qd5 40. h5
Kg7 41. Qa7+ Kf8 42. h6 Ke8 43. g6 Qc6 1-0

[Event "I Weekend A"]
[Site "Porto Sant'Elpidio ITA"]
[Date "1998.10.??"]
[Round "?"]
[White "Iaconi, Andrea"]
[Black "Ragnini, Damiano"]
[Result "1-0"]
[WhiteElo "1539"]
[BlackElo "1470"]
[PlyCount "31"]
[EventDate "1998.10.17"]

1. e4 c5 2. Nf3 Nc6 3. d4 cxd4 4. Nxd4 Nf6 5. Nc3 e5 6. Nf3 Bb4 7. Bd3 Bxc3+ 8.
bxc3 d5 9. Bg5 Qa5 10. O-O dxe4 11. Bxf6 gxf6 12. Bxe4 Qxc3 13. Qd6 Be6 14.
Rfd1 Rd8 15. Bxc6+ bxc6 16. Qxd8# 1-0

[Event "I Weekend A"]
[Site "Porto Sant'Elpidio ITA"]
[Date "1998.10.??"]
[Round "?"]
[White "Luciani, Valerio"]
[Black "Marconi, Franco"]
[Result "1-0"]
[WhiteElo "2230"]
[BlackElo "1722"]
[PlyCount "45"]
[EventDate "1998.10.17"]

1. e4 e5 2. Nf3 f5 3. d4 fxe4 4. Nxe5 Nf6 5. Nc4 d5 6. Ne3 Bd6 7. c4 c6 8. Nc3
O-O 9. h3 Be6 10. Qb3 b6 11. cxd5 cxd5 12. Ncxd5 Nc6 13. Bc4 Nxd4 14. Qd1 Nxd5
15. Qxd4 Bb4+ 16. Bd2 Bxd2+ 17. Qxd2 Nf4 18. Bxe6+ Nxe6 19. Rd1 Qg5 20. Qd5
Qxd5 21. Nxd5 Rfd8 22. O-O Rac8 23. Ne7+ 1-0

[Event "I Weekend A"]
[Site "Porto Sant'Elpidio ITA"]
[Date "1998.10.??"]
[Round "?"]
[White "Luciani, Valerio"]
[Black "Miandro, Roberto"]
[Result "1-0"]
[WhiteElo "2230"]
[BlackElo "1783"]
[PlyCount "137"]
[EventDate "1998.10.17"]

1. c4 e5 2. Nc3 Nf6 3. g3 d5 4. cxd5 Nxd5 5. Bg2 Nb6 6. Nf3 Nc6 7. O-O Be6 8.
d3 f6 9. a3 Be7 10. b4 a5 11. b5 Nd4 12. Nxd4 exd4 13. Na4 Bd5 14. Nxb6 cxb6
15. a4 Bxg2 16. Kxg2 Qd5+ 17. Kg1 O-O 18. e4 dxe3 19. Bxe3 Bc5 20. d4 Bb4 21.
Qd3 Rac8 22. Rfc1 Bd6 23. Qf1 Rfd8 24. Qg2 Qxg2+ 25. Kxg2 Kf7 26. Kf3 h6 27.
Ke4 Re8+ 28. Kd3 f5 29. Rxc8 Rxc8 30. Rc1 Rxc1 31. Bxc1 g5 32. Kc4 Ke6 33. Be3
Bc7 34. d5+ Kd7 35. f4 g4 36. Bd4 h5 37. d6 Bxd6 38. Kd5 Bc7 39. Be5 Bd8 40.
Bb2 Bc7 41. Bd4 h4 42. Be5 Bd8 43. Bb2 Bc7 44. Bd4 h3 45. Bg1 Ke7 46. Bf2 Kf7
47. Bd4 Ke7 48. Be5 Bd8 49. Bd4 Bc7 50. Be5 Bd8 51. Bd4 Kf7 52. Ke5 Bf6+ 53.
Kd5 Bd8 54. Ke5 Bf6+ 55. Kd5 Be7 56. Bxb6 Bb4 57. Ke5 Kg6 58. Bg1 Bc3+ 59. Kd6
Kf6 60. Kc7 Ke6 61. Kxb7 Bf6 62. Ka7 Bd8 63. b6 Kd7 64. b7 Bc7 65. Bd4 Kc6 66.
Be5 Bb6+ 67. Ka8 Bg1 68. b8=Q Bxh2 69. Qb5# 1-0

[Event "I Weekend A"]
[Site "Porto Sant'Elpidio ITA"]
[Date "1998.10.??"]
[Round "?"]
[White "Marconi, Franco"]
[Black "Baleani, Emanuele"]
[Result "1-0"]
[WhiteElo "1722"]
[BlackElo "1524"]
[PlyCount "45"]
[EventDate "1998.10.17"]

1. e4 c5 2. Nf3 d6 3. d4 cxd4 4. c3 dxc3 5. Bc4 e6 6. Nxc3 Nf6 7. O-O Be7 8.
Qe2 O-O 9. Rd1 Qc7 10. Bf4 a6 11. a4 Bd7 12. Rac1 Bc6 13. Ba2 Nbd7 14. Nd5 exd5
15. exd5 Nxd5 16. Bxd5 Nf6 17. Bxc6 bxc6 18. Nd4 Nd5 19. Nxc6 Rfe8 20. Rxd5 Bf6
21. Be3 Re6 22. Rdd1 Rc8 23. Ne7+ 1-0

[Event "I Weekend A"]
[Site "Porto Sant'Elpidio ITA"]
[Date "1998.10.??"]
[Round "?"]
[White "Marconi, Franco"]
[Black "Esposito, Salvatore"]
[Result "1-0"]
[WhiteElo "1722"]
[BlackElo "1500"]
[PlyCount "61"]
[EventDate "1998.10.17"]

1. e4 e6 2. d4 d5 3. e5 c5 4. c3 Nc6 5. Nf3 Qb6 6. Bd3 Bd7 7. O-O cxd4 8. cxd4
Nxd4 9. Nxd4 Qxd4 10. Nc3 Qxe5 11. Re1 Qd6 12. Qf3 Bc6 13. Bf4 Qd7 14. Qg3 Ne7
15. h4 Ng6 16. Bd2 Bd6 17. Qg4 O-O-O 18. Qd4 Kb8 19. Bf1 e5 20. Qd3 d4 21. Ne4
Nxh4 22. b4 a6 23. a4 Bxa4 24. Nxd6 Qxd6 25. Rxa4 f5 26. Bg5 e4 27. Qd2 Nf3+
28. gxf3 Qg6 29. Qf4+ Rd6 30. Bg2 h6 31. Be7 1-0

[Event "I Weekend A"]
[Site "Porto Sant'Elpidio ITA"]
[Date "1998.10.??"]
[Round "?"]
[White "Miandro, Roberto"]
[Black "Amaranto, Luca"]
[Result "1-0"]
[WhiteElo "1783"]
[BlackElo "1720"]
[PlyCount "89"]
[EventDate "1998.10.17"]

1. c4 Nf6 2. Nf3 e6 3. b3 d5 4. Bb2 Be7 5. g3 O-O 6. Bg2 Nbd7 7. O-O c6 8. d3
Qc7 9. Nbd2 Rd8 10. Rc1 e5 11. cxd5 Nxd5 12. Qc2 f6 13. Qb1 N7b6 14. a3 Bf8 15.
e4 Ne7 16. d4 Ng6 17. d5 Bd7 18. Rfd1 Bd6 19. b4 a6 20. Nb3 Be8 21. Na5 Ne7 22.
Bh3 Qb8 23. Be6+ Kf8 24. Nh4 g6 25. Rc3 cxd5 26. exd5 Na4 27. Rf3 Nxb2 28. Qxb2
Kg7 29. g4 Bf7 30. Nc4 b5 31. Bxf7 Kxf7 32. Ne3 Qb7 33. Nhg2 Rac8 34. Ne1 Kg7
35. N1c2 Bb8 36. g5 f5 37. Qb3 f4 38. Ng4 Rxd5 39. Rfd3 Rcd8 40. Nf6 Rxd3 41.
Rxd3 Rxd3 42. Qxd3 Nf5 43. Qd8 Ne7 44. Ne1 Qc7 45. Ne8+ 1-0